000 00790nam a2200253Ia 4500
003 OSt
005 20220923212827.0
006 a|||||r|||| 00| 0
007 ta
008 220922b |||||||| |||| 00| 0 hin d
024 _a156,153
037 _cTextual
040 _aARTS
_cARTS
_bhin
041 _2hin
_ahin
082 _aO152:f, K4
100 _aशर्मा, सरनाम सिंह
_9156274
245 0 _aशोघ प्रक्रिया एवं विवरणिका
246 _aShogh prakriyā evan vivaraṇikā
260 _c1964
300 _a244पृ.
_ccm.
650 _aहिन्दी साहित्य
_9156264
942 _hO152:f, K4
_cTEXL
_2CC
999 _c311474
_d311474